| 000 | 01064nam a2200277 a 4500 | ||
|---|---|---|---|
| 001 | ebr10459629 | ||
| 003 | CaPaEBR | ||
| 006 | m u | ||
| 007 | cr cn||||||||| | ||
| 008 | 110426s2008 enk sb 000 0 eng d | ||
| 020 | _z9781905539239 | ||
| 020 | _z9781907830235 (e-book) | ||
| 040 |
_aCaPaEBR _cCaPaEBR |
||
| 035 | _a(OCoLC)666937396 | ||
| 050 | 1 | 4 |
_aRT86.7 _b.B87 2008eb |
| 100 | 1 | _aBurke, Lydia. | |
| 245 | 1 | 0 |
_aPrimary care case studies for nurse practitioners _h[electronic resource] / _cLydia Burke. |
| 260 |
_aCumbria [England] : _bM&K Update Ltd., _c2008. |
||
| 300 | _av, 90 p. | ||
| 504 | _aIncludes bibliographical references. | ||
| 533 |
_aElectronic reproduction. _bPalo Alto, Calif. : _cebrary, _d2011. _nAvailable via World Wide Web. _nAccess may be limited to ebrary affiliated libraries. |
||
| 650 | 0 |
_aNursing _xPractice. |
|
| 655 | 7 |
_aElectronic books. _2local |
|
| 710 | 2 | _aebrary, Inc. | |
| 856 | 4 | 0 |
_uhttp://site.ebrary.com/lib/rucke/Doc?id=10459629 _zAn electronic book accessible through the World Wide Web; click to view |
| 999 |
_c126730 _d126730 |
||